[Event "Elverum Region-ch A"]
[Site "Elverum"]
[Date "2017.04.01"]
[Round "3"]
[White "Haugsrud, Hakon"]
[Black "Aasgaard, Frode"]
[Result "1-0"]
[WhiteElo "1816"]
[BlackElo "1682"]
[PlyCount "107"]
[EventDate "2017.04.01"]
[EventType "swiss"]
[EventRounds "5"]
[EventCountry "NOR"]
[SourceTitle "EXT 2024"]
[Source "ChessBase"]
[SourceDate "2023.10.10"]
[SourceVersion "1"]
[SourceVersionDate "2023.10.10"]
[SourceQuality "1"]

1. e4 e5 2. f4 d5 3. exd5 e4 4. d3 Nf6 5. dxe4 Nxe4 6. Nf3 Bc5 7. Qe2 Bf2+ 8. Kd1 Qxd5+ 9. Nbd2 f5 10. Ng5 Bb6 11. Qh5+ g6 12. Ngxe4 Qxe4 13. Nxe4 gxh5 14. Nf6+ Kf7 15. Nxh5 Be6 16. Ng3 Nc6 17. c3 Rad8+ 18. Kc2 Rd7 19. Bd3 Ne7 20. Re1 Rhd8 21. Be2 c6 22. Bh5+ Ng6 23. b3 Kf6 24. Re2 Bg1 25. h3 Bh2 26. Bxg6 hxg6 27. Nf1 Bg1 28. Be3 Bxe3 29. Nxe3 b5 30. Rae1 Bf7 31. Nf1 a5 32. g4 Rd3 33. Rd2 Rxd2+ 34. Nxd2 g5 35. Re5 Rd5 36. Rxd5 Bxd5 37. fxg5+ Kxg5 38. gxf5 Kxf5 39. Kd3 a4 40. bxa4 bxa4 41. a3 Bg2 42. h4 Kg4 43. Nc4 Bf1+ 44. Kd4 Kxh4 45. Nb6 Kg5 46. Nxa4 Kf6 47. Kc5 Bg2 48. Kb6 Ke5 49. c4 Kd4 50. c5 Kc4 51. Nb2+ Kb3 52. a4 Bf1 53. a5 Kb4 54. Na4 1-0

[Event "Oslo op"]
[Site "Fornebu"]
[Date "2016.09.30"]
[Round "8"]
[White "Hermansen, Tobias Ostmo"]
[Black "Haugsrud, Hakon"]
[Result "0-1"]
[WhiteElo "1602"]
[BlackElo "1969"]
[PlyCount "32"]
[EventDate "2016.09.30"]
[EventType "swiss"]
[EventRounds "9"]
[EventCountry "NOR"]
[SourceTitle "EXT 2018"]
[Source "ChessBase"]
[SourceDate "2017.10.13"]
[SourceVersion "1"]
[SourceVersionDate "2017.10.13"]
[SourceQuality "1"]

1. e4 c5 2. Nf3 e6 3. d4 cxd4 4. Nxd4 a6 5. c4 Nf6 6. Nc3 Qc7 7. Bd3 Nc6 8. Nf3 b6 9. 0-0 Ng4 10. b3 h5 11. h3 Bc5 12. Ne2 Nce5 13. hxg4 hxg4 14. Nxe5 Qxe5 15. Bf4 Qh5 16. Ng3 Qh2# 0-1

[Event "Olomouc op 19th"]
[Site "Olomouc"]
[Date "2016.08.18"]
[Round "7"]
[White "Haugsrud, Hakon"]
[Black "Bombek, Peter"]
[Result "1/2-1/2"]
[WhiteElo "1969"]
[BlackElo "2212"]
[PlyCount "79"]
[EventDate "2016.08.13"]
[EventType "swiss"]
[EventRounds "9"]
[EventCountry "CZE"]
[SourceTitle "CBM 173 Extra"]
[Source "ChessBase"]
[SourceDate "2016.08.29"]
[SourceVersion "1"]
[SourceVersionDate "2016.08.29"]
[SourceQuality "1"]

1. e4 e6 2. d4 d5 3. Nc3 Nf6 4. e5 Nfd7 5. f4 c5 6. Nf3 Nc6 7. Be3 a6 8. Qd2 b5 9. a3 Qa5 10. Ra2 Qb6 11. Qf2 cxd4 12. Nxd4 Bc5 13. Nce2 b4 14. axb4 Nxb4 15. Ra1 a5 16. Rd1 Na2 17. f5 Nxe5 18. Qg3 Nc4 19. Qxg7 Nxe3 20. Qxh8+ Bf8 21. Rd3 Nxf5 22. Nxf5 exf5 23. Qd4 Qxd4 24. Nxd4 Bc5 25. Nb3 Bb4+ 26. c3 Be7 27. Rxd5 a4 28. Ra5 Rb8 29. Rxa4 Nxc3 30. bxc3 Rxb3 31. Kd2 Bf6 32. Bc4 Rxc3 33. Rc1 Rxc1 34. Kxc1 Bd7 35. Ra7 Bg5+ 36. Kd1 f6 37. Rb7 Bf4 38. g3 Be5 39. Ke2 f4 40. Bb5 1/2-1/2

[Event "Oslo Sveins op 9th"]
[Site "Oslo"]
[Date "2016.06.24"]
[Round "6"]
[White "Haugsrud, Hakon"]
[Black "Heier, Odin Nikolai"]
[Result "1-0"]
[WhiteElo "1932"]
[BlackElo "1790"]
[PlyCount "127"]
[EventDate "2016.06.24"]
[EventType "swiss"]
[EventRounds "9"]
[EventCountry "NOR"]
[SourceTitle "CBM 173 Extra"]
[Source "ChessBase"]
[SourceDate "2016.08.29"]
[SourceVersion "1"]
[SourceVersionDate "2016.08.29"]
[SourceQuality "1"]

1. e4 e5 2. f4 d5 3. exd5 exf4 4. Nf3 Nf6 5. Bc4 Be7 6. Nc3 0-0 7. d4 Nbd7 8. Bxf4 Nb6 9. Bb3 Nbxd5 10. Be5 Nxc3 11. bxc3 Bd6 12. 0-0 Bg4 13. Qd3 Bh5 14. Qb5 Bxe5 15. dxe5 Ne4 16. e6 Bg6 17. Qxb7 Nc5 18. exf7+ Bxf7 19. Qb4 Qd6 20. Rad1 Qb6 21. Ng5 Bxb3 22. cxb3 Na6+ 23. Qd4 Rfd8 24. Qxb6 cxb6 25. Kf2 Nc5 26. Rd4 Nd3+ 27. Ke3 Ne5 28. Re4 Re8 29. h3 Rad8 30. Re1 Nc6 31. Rxe8+ Rxe8+ 32. Ne4 Ne5 33. Rd1 h6 34. a4 Rc8 35. Rd5 Nc6 36. Rd7 Na5 37. b4 Nc4+ 38. Kd4 a5 39. Nd6 Nxd6 40. Rxd6 axb4 41. cxb4 Rb8 42. Kd5 Kf7 43. Kc6 Ke7 44. Rd7+ Kf6 45. a5 bxa5 46. bxa5 Ra8 47. Kb6 Rb8+ 48. Rb7 Ra8 49. a6 g5 50. a7 Kf5 51. Rb8 Rxa7 52. Kxa7 Kf4 53. Rb3 h5 54. Kb6 g4 55. Kc5 gxh3 56. gxh3 Kg5 57. Rf3 Kh4 58. Kd5 Kg5 59. Ke4 Kh4 60. Rf4+ Kxh3 61. Kf3 h4 62. Re4 Kh2 63. Rxh4+ Kg1 64. Rh5 1-0

[Event "NOR-ch Class1"]
[Site "Oslo"]
[Date "2015.07.09"]
[Round "7"]
[White "Haugsrud, Hakon"]
[Black "Jorgensen, Bjorn Emil"]
[Result "1/2-1/2"]
[WhiteElo "1874"]
[BlackElo "1685"]
[PlyCount "94"]
[EventDate "2015.07.04"]
[EventType "swiss"]
[EventRounds "9"]
[EventCountry "NOR"]
[SourceTitle "EXT 2017"]
[Source "ChessBase"]
[SourceDate "2016.10.25"]
[SourceVersion "1"]
[SourceVersionDate "2016.10.25"]
[SourceQuality "1"]

1. e4 e6 2. d4 d5 3. Nc3 Bb4 4. e5 Ne7 5. a3 Bxc3+ 6. bxc3 c5 7. Qg4 Qc7 8. Qxg7 Rg8 9. Qxh7 cxd4 10. Ne2 dxc3 11. f4 Nbc6 12. Qd3 Nf5 13. Nxc3 Ncd4 14. Nb5 Qc5 15. Nxd4 Nxd4 16. c3 Nb3 17. Be3 Qc6 18. Rb1 Na5 19. Qb5 Qxb5 20. Bxb5+ Bd7 21. Kf2 Rc8 22. Bd4 b6 23. h4 Bxb5 24. Rxb5 Nc6 25. Be3 Ne7 26. Bd2 Nf5 27. Rh3 d4 28. a4 dxc3 29. Rxc3 Rxc3 30. Bxc3 Nxh4 31. g3 Nf5 32. a5 Rxg3 33. axb6 axb6 34. Bd2 Rd3 35. Ke2 Rd6 36. exd6 Nd4+ 37. Kd3 Nxb5 38. Be3 Kd7 39. Bxb6 Kxd6 40. Kc4 Nc7 41. Ba7 Ke7 42. Kd3 Kf6 43. Ke4 Nb5 44. Bc5 Nc3+ 45. Kd3 Nd5 46. Ke4 Kg6 47. f5+ exf5+ 1/2-1/2

[Event "NOR-ch Class1"]
[Site "Lillehammer"]
[Date "2013.06.29"]
[Round "4"]
[White "Haugsrud, Hakon"]
[Black "Andersen, Oystein R"]
[Result "0-1"]
[WhiteElo "2043"]
[BlackElo "1962"]
[PlyCount "98"]
[EventDate "2013.06.29"]
[EventType "swiss"]
[EventRounds "9"]
[EventCountry "NOR"]
[SourceTitle "EXT 2015"]
[Source "ChessBase"]
[SourceDate "2014.11.20"]
[SourceVersion "1"]
[SourceVersionDate "2014.11.20"]
[SourceQuality "1"]

1. e4 c5 2. c3 d5 3. exd5 Qxd5 4. d4 Nc6 5. Nf3 Bg4 6. Be2 cxd4 7. cxd4 e6 8. 0-0 Nf6 9. Nc3 Qa5 10. Be3 a6 11. h3 Bh5 12. a3 Nd5 13. Qb3 Qb6 14. Qxb6 Nxb6 15. g4 Bg6 16. Nh4 Bc2 17. Bf3 Bb3 18. d5 Nxd5 19. Nxd5 Bxd5 20. Bxd5 exd5 21. Rfe1 Kd7 22. Rad1 Ne7 23. Nf5 Nxf5 24. Rxd5+ Nd6 25. Bf4 Kc6 26. Rd3 Re8 27. Rc1+ Kd7 28. Rcd1 Re6 29. Bg3 g5 30. h4 h6 31. Rb3 b5 32. a4 Be7 33. axb5 axb5 34. Rxb5 Rc8 35. hxg5 hxg5 36. Bxd6 Rxd6 37. Rxd6+ Kxd6 38. Kg2 Rc5 39. Rb7 Rc4 40. f3 Ke6 41. Rb5 Rb4 42. Ra5 Rxb2+ 43. Kf1 f6 44. Rf5 Rd2 45. Ra5 Rc2 46. Rb5 Bc5 47. Ra5 Ke5 48. Ra4 Rf2+ 49. Ke1 Rxf3 0-1

[Event "NOR-ch Class1"]
[Site "Lillehammer"]
[Date "2013.06.29"]
[Round "6"]
[White "Haugsrud, Hakon"]
[Black "Dyrnes, Jussi"]
[Result "1-0"]
[WhiteElo "2043"]
[BlackElo "1854"]
[PlyCount "57"]
[EventDate "2013.06.29"]
[EventType "swiss"]
[EventRounds "9"]
[EventCountry "NOR"]
[SourceTitle "EXT 2015"]
[Source "ChessBase"]
[SourceDate "2014.11.20"]
[SourceVersion "1"]
[SourceVersionDate "2014.11.20"]
[SourceQuality "1"]

1. e4 e5 2. f4 Nc6 3. Nf3 d6 4. Bb5 Bd7 5. d3 Nge7 6. 0-0 g6 7. Nc3 Bg7 8. fxe5 Nxe5 9. Nxe5 dxe5 10. Bc4 Be6 11. Bxe6 fxe6 12. Qg4 Qd7 13. Bg5 Rf8 14. Qh4 h6 15. Rxf8+ Bxf8 16. Bxh6 Bxh6 17. Qxh6 0-0-0 18. Qg7 Qd4+ 19. Kh1 Re8 20. Rf1 a6 21. Qf7 Kd7 22. Rf6 Qb6 23. h3 g5 24. Nd5 Qd6 25. c4 exd5 26. Rxd6+ cxd6 27. exd5 Rg8 28. Qe6+ Ke8 29. Qxd6 1-0

[Event "Hedmark & Oppland Region-ch"]
[Site "Hamar"]
[Date "2013.04.07"]
[Round "5"]
[White "Haugsrud, Hakon"]
[Black "Stubrud, Jan Magne"]
[Result "1-0"]
[WhiteElo "1868"]
[BlackElo "1541"]
[PlyCount "56"]
[EventDate "2013.04.06"]
[EventType "swiss"]
[EventRounds "5"]
[EventCountry "NOR"]
[SourceTitle "EXT 2024"]
[Source "ChessBase"]
[SourceDate "2023.10.10"]
[SourceVersion "1"]
[SourceVersionDate "2023.10.10"]
[SourceQuality "1"]

1. e4 c5 2. c3 d5 3. exd5 Qxd5 4. d4 cxd4 5. cxd4 Nc6 6. Nf3 Bg4 7. Be2 e6 8. Nc3 Bb4 9. 0-0 Qd8 10. d5 exd5 11. Nxd5 Nge7 12. Nxb4 Qxd1 13. Rxd1 Nxb4 14. h3 Be6 15. Nd4 a6 16. Nxe6 fxe6 17. Bg4 Nf5 18. Bg5 h6 19. Bh5+ Kf8 20. Bf4 Nc6 21. Rd7 b5 22. Rc1 Nce7 23. g4 g6 24. gxf5 gxh5 25. Bd6 Rh7 26. f6 Ke8 27. Rcc7 Nf5 28. Rxh7 Nxd6 1-0

[Event "Hedmark & Oppland Region-ch"]
[Site "Hamar"]
[Date "2013.04.07"]
[Round "4"]
[White "Lind, Magne"]
[Black "Haugsrud, Hakon"]
[Result "1/2-1/2"]
[WhiteElo "1222"]
[BlackElo "1868"]
[PlyCount "91"]
[EventDate "2013.04.06"]
[EventType "swiss"]
[EventRounds "5"]
[EventCountry "NOR"]
[SourceTitle "EXT 2024"]
[Source "ChessBase"]
[SourceDate "2023.10.10"]
[SourceVersion "1"]
[SourceVersionDate "2023.10.10"]
[SourceQuality "1"]

1. d4 Nf6 2. h3 d5 3. Bf4 c6 4. e3 Bf5 5. Bd3 Bxd3 6. cxd3 e6 7. Bh2 c5 8. dxc5 Bxc5 9. Ne2 0-0 10. 0-0 Nc6 11. d4 Bb6 12. Nd2 Rc8 13. a3 Na5 14. Rc1 Qd7 15. Nc3 Nc4 16. Nxc4 Rxc4 17. b3 Rc6 18. Na4 Rxc1 19. Qxc1 Rc8 20. Qb2 Bc7 21. Bxc7 Qxc7 22. Nc5 g6 23. f3 Kg7 24. Rc1 Kg8 25. Nd3 Qd8 26. Rxc8 Qxc8 27. Qc1 Qxc1+ 28. Nxc1 Kf8 29. Nd3 Ke7 30. Kf2 Ne8 31. e4 Nc7 32. a4 dxe4 33. fxe4 Kd6 34. Ke3 f5 35. g4 fxe4 36. Kxe4 Nd5 37. g5 Nc3+ 38. Ke3 b6 39. Nf2 e5 40. Ne4+ Nxe4 41. Kxe4 exd4 42. Kxd4 Ke6 43. Ke4 a6 44. b4 Kd6 45. Kd4 Ke6 46. Ke4 1/2-1/2

[Event "Fagernes Norsk op-A"]
[Site "Fagernes"]
[Date "2011.04.17"]
[Round "3"]
[White "Christiansen, Johan Sebastian"]
[Black "Haugsrud, Hakon"]
[Result "1/2-1/2"]
[WhiteElo "1924"]
[BlackElo "2050"]
[PlyCount "63"]
[EventDate "2011.04.17"]
[EventType "swiss"]
[EventRounds "9"]
[EventCountry "NOR"]
[SourceTitle "CBM 141 Extra"]
[Source "ChessBase"]
[SourceDate "2011.05.03"]
[SourceVersion "1"]
[SourceVersionDate "2011.05.03"]
[SourceQuality "1"]

1. c4 c6 2. d4 d5 3. Nc3 Nf6 4. Nf3 e6 5. e3 Be7 6. Bd3 Nbd7 7. 0-0 0-0 8. Qc2 Re8 9. Ne5 dxc4 10. Nxc4 c5 11. dxc5 Nxc5 12. Be2 Bd7 13. Rd1 Qc7 14. e4 Bc6 15. f3 b5 16. Ne3 a6 17. b4 Ncd7 18. a3 Rac8 19. Qb3 Bb7 20. Bd2 Red8 21. Rac1 Qb6 22. Kh1 Ne5 23. Nc2 Nd3 24. Bxd3 Rxd3 25. Be1 Rcd8 26. Qb2 Qd6 27. Bg3 Qb6 28. Be1 Nh5 29. Nd5 Bf6 30. Nxf6+ Nxf6 31. Rxd3 Rxd3 32. Bc3 1/2-1/2

[Event "Fagernes Norsk op-A"]
[Site "Fagernes"]
[Date "2011.04.17"]
[Round "4"]
[White "Haugsrud, Hakon"]
[Black "Wibe, Per H"]
[Result "1-0"]
[WhiteElo "2050"]
[BlackElo "1824"]
[PlyCount "81"]
[EventDate "2011.04.17"]
[EventType "swiss"]
[EventRounds "9"]
[EventCountry "NOR"]
[SourceTitle "CBM 141 Extra"]
[Source "ChessBase"]
[SourceDate "2011.05.03"]
[SourceVersion "1"]
[SourceVersionDate "2011.05.03"]
[SourceQuality "1"]

1. e4 c5 2. Nf3 d6 3. d4 cxd4 4. Nxd4 Nf6 5. Nc3 a6 6. Bc4 e6 7. Bb3 Be7 8. 0-0 0-0 9. a4 b6 10. Qe2 Qc7 11. Be3 Nc6 12. Nxc6 Qxc6 13. f3 Bb7 14. Rfd1 Nd7 15. Bd4 Rac8 16. Bd5 Qc7 17. Bxb7 Qxb7 18. Qf2 Rfd8 19. Qg3 e5 20. Nd5 Nc5 21. Be3 f6 22. b4 Ne6 23. Bxb6 Rf8 24. Qf2 f5 25. b5 a5 26. exf5 Rxf5 27. Bxa5 Nd4 28. Ne3 Rf4 29. c3 Bh4 30. Qa2+ Kh8 31. cxd4 e4 32. Nd5 Rf5 33. fxe4 Rf2 34. Rd2 Rcf8 35. g3 R2f3 36. Bc7 Qc8 37. Bxd6 R8f7 38. Nf4 Bxg3 39. Qxf7 Bxf4 40. Bxf4 Qg4+ 41. Rg2 1-0

[Event "Fagernes Norsk op-A"]
[Site "Fagernes"]
[Date "2011.04.17"]
[Round "1"]
[White "Richter, Michael"]
[Black "Haugsrud, Hakon"]
[Result "1-0"]
[WhiteElo "2486"]
[BlackElo "2050"]
[PlyCount "63"]
[EventDate "2011.04.17"]
[EventType "swiss"]
[EventRounds "9"]
[EventCountry "NOR"]
[SourceTitle "CBM 141 Extra"]
[Source "ChessBase"]
[SourceDate "2011.05.03"]
[SourceVersion "1"]
[SourceVersionDate "2011.05.03"]
[SourceQuality "1"]

1. d4 Nf6 2. c4 e6 3. Nc3 Bb4 4. f3 d5 5. a3 Bxc3+ 6. bxc3 0-0 7. cxd5 exd5 8. e3 c6 9. Bd3 Re8 10. Ne2 b6 11. 0-0 Qd6 12. Ng3 c5 13. Qd2 Nc6 14. Bb2 Bb7 15. Rad1 Rad8 16. Qf2 Rd7 17. Bf5 Rde7 18. e4 cxd4 19. cxd4 Nd7 20. e5 Qb8 21. Bd3 Na5 22. Nf5 Re6 23. f4 Rc8 24. Qg3 g6 25. Nh6+ Kg7 26. f5 Rec6 27. f6+ Kf8 28. Qh3 Re6 29. Nxf7 Kxf7 30. Qxh7+ Ke8 31. Bxg6+ Kd8 32. Qg8+ 1-0

[Event "Sandefjord MGP"]
[Site "Sandefjord"]
[Date "2003.10.19"]
[Round "4"]
[White "Haugsrud, Hakon"]
[Black "Martinsen, Stig K"]
[Result "0-1"]
[WhiteElo "1832"]
[BlackElo "2101"]
[PlyCount "40"]
[EventDate "2003.10.??"]
[EventType "swiss"]
[EventRounds "4"]
[EventCountry "NOR"]
[SourceTitle "EXT 2005"]
[Source "ChessBase"]
[SourceDate "2004.11.15"]
[SourceVersion "1"]
[SourceVersionDate "2004.11.15"]
[SourceQuality "1"]

1. e4 d6 2. d4 Nf6 3. f3 c5 4. Bb5+ Bd7 5. Bxd7+ Nbxd7 6. Ne2 g6 7. Nbc3 cxd4 8. Nxd4 Bg7 9. Be3 Ne5 10. Qe2 Rc8 11. Qb5+ Qd7 12. Qxd7+ Nfxd7 13. 0-0-0 Nc4 14. Bf2 a6 15. Kb1 Na3+ 16. Kc1 Bh6+ 17. Rd2 Nc4 18. Nb1 Nde5 19. b3 Nxd2 20. Nxd2 Nd3+ 0-1

[Event "NOR-ch Junior"]
[Site "Fredrikstad"]
[Date "2003.07.05"]
[Round "1"]
[White "Haugsrud, Hakon"]
[Black "Agdestein, Emil Dovig"]
[Result "1-0"]
[WhiteElo "1832"]
[BlackElo "1668"]
[PlyCount "81"]
[EventDate "2003.07.??"]
[EventType "swiss"]
[EventRounds "7"]
[EventCountry "NOR"]
[SourceTitle "CBM 095 Extra"]
[Source "ChessBase"]
[SourceDate "2003.09.04"]
[SourceVersion "1"]
[SourceVersionDate "2003.09.04"]
[SourceQuality "1"]

1. e4 d5 2. exd5 Nf6 3. Bb5+ Nbd7 4. c4 a6 5. Bxd7+ Qxd7 6. d3 b5 7. Nc3 Bb7 8. Nf3 c6 9. Ne5 Qd6 10. Nxc6 Bxc6 11. dxc6 Qxc6 12. Qf3 Qxf3 13. gxf3 bxc4 14. dxc4 e6 15. Ne4 Nxe4 16. fxe4 0-0-0 17. Be3 f5 18. f3 Be7 19. c5 f4 20. Bd2 Kb7 21. b4 Rd3 22. Ke2 Ra3 23. Bxf4 Rd8 24. Be5 Rdd3 25. Rhg1 g6 26. Raf1 Bh4 27. Bg3 Re3+ 28. Kd2 Red3+ 29. Kc2 Bxg3 30. Rxg3 Re3 31. Kb2 Rad3 32. Rf2 Kc6 33. Rh3 h5 34. Rg3 Kb5 35. Rxg6 Kxb4 36. Rxe6 Rxf3 37. Re2 Rd1 38. Rxa6 Rff1 39. Rb6+ Ka5 40. Rb3 Rb1+ 41. Kc3 1-0

[Event "Brokstad Memorial"]
[Site "Norway"]
[Date "2003.??.??"]
[Round "4"]
[White "Lundeby, Oyvind Andersen"]
[Black "Haugsrud, Hakon"]
[Result "1-0"]
[WhiteElo "2080"]
[BlackElo "1830"]
[PlyCount "57"]
[EventDate "2003.??.??"]
[EventType "swiss"]
[EventRounds "5"]
[EventCountry "NOR"]
[SourceTitle "EXT 2007"]
[Source "ChessBase"]
[SourceDate "2006.11.23"]
[SourceVersion "1"]
[SourceVersionDate "2006.11.23"]
[SourceQuality "1"]

1. c4 b6 2. d4 e6 3. Nf3 Bb7 4. a3 f5 5. g3 Nf6 6. Bg2 c5 7. d5 exd5 8. Nh4 g6 9. Nc3 Qc8 10. cxd5 d6 11. 0-0 Nbd7 12. e4 Nxe4 13. Re1 Kd8 14. Nxe4 fxe4 15. Bg5+ Kc7 16. Rxe4 Rg8 17. Bh3 h6 18. Be7 Rg7 19. Bf6 Nxf6 20. Bxc8 Nxe4 21. Bxb7 Kxb7 22. Qa4 Nf6 23. Qc6+ Kb8 24. Re1 Rc7 25. Qa4 g5 26. Nf5 Kb7 27. Re6 Nxd5 28. Qe4 Kc6 29. Ne3 1-0